Specification for bead wire for tyres. (First Revision) (Record no. 73813)

MARC details
000 -LEADER
fixed length control field 00377nam a2200133Ia 4500
245 #0 - TITLE STATEMENT
Title Specification for bead wire for tyres. (First Revision)
260 ## - PUBLICATION, DISTRIBUTION, ETC. (IMPRINT)
Place of publication New Delhi
260 ## - PUBLICATION, DISTRIBUTION, ETC. (IMPRINT)
Year of publication 1973
Name of publisher ISI
490 ## - SERIES STATEMENT
Series statement Wrought steel products sec com,SMDC 5
500 ## - GENERAL NOTE
General note Standard number: IS 4824
650 ## - SUBJECT ADDED ENTRY--TOPICAL TERM
Topical Term Tyre bead wire
942 ## - ADDED ENTRY ELEMENTS (KOHA)
Koha item type Standards
Holdings
Withdrawn status Lost status Damaged status Not for loan Home library Current library Date acquired Koha item type
      Standards RRII Library RRII Library 31/12/2021 Standards